| 000 | 00750nam a2200217Ia 4500 | ||
|---|---|---|---|
| 003 | GCL | ||
| 008 | 140319s9999 xx 000 0 ara d | ||
| 020 | _a7672208977 | ||
| 040 |
_aGCL / _cGCL |
||
| 082 | 0 | 4 |
_a320.956708 _bم م |
| 100 | 1 | _aمحمد العرب | |
| 245 | 1 | 0 |
_aمالم يذكره بريمر فى كتابه / _cمحمد العرب |
| 250 | _aالاولى | ||
| 260 |
_aالقاهرة : _bمكتبة مدبولى ، _c2007 |
||
| 300 |
_a123 ص ؛ _c24 سم |
||
| 650 | 0 | 4 | _aالاعتداء الامريكى على العراق |
| 650 | 0 | 4 | _aبول بريمر |
| 650 | 0 | 4 | _aالعراق - الاحوال السياسية - الاحتلال الامريكى |
| 650 | 0 | 4 | _aالعراق - الوضع الدولى |
| 942 |
_2ddc _cBK |
||
| 999 |
_c9535 _d9535 |
||